[Event "IECG CP.2000.P.00046"]
[Site "IECG email"]
[Date "2000.10.01"]
[Round "?"]
[White "Bujdak, Pavol"]
[Black "Burmako, Eugeny"]
[Result "1-0"]
[WhiteElo "1913"]
[BlackElo "1400"]
[PlyCount "77"]
[EventDate "2000.10.01"]
[EventType "tourn (corr)"]
[EventRounds "6"]
[EventCountry "SVK"]
[SourceTitle "Corr 2008"]
[Source "ChessBase"]
[SourceDate "2008.06.24"]
[SourceVersion "1"]
[SourceVersionDate "2008.06.24"]
[SourceQuality "1"]

1. e4 c5 2. Nf3 Nc6 3. d4 cxd4 4. Nxd4 Nf6 5. Nc3 e5 6. Ndb5 d6 7. Bg5 a6 8. Na3 b5 9. Bxf6 gxf6 10. Nd5 f5 11. Bd3 Be6 12. 0-0 Bxd5 13. exd5 Ne7 14. c3 Bg7 15. Qh5 e4 16. Bc2 0-0 17. Rae1 Qc8 18. f3 Ng6 19. fxe4 f4 20. Nb1 b4 21. Rf3 Qc5+ 22. Kh1 Rab8 23. Bb3 h6 24. cxb4 Qxb4 25. Nc3 Ne5 26. Rh3 Nc4 27. Qe2 Rfc8 28. Nd1 Nxb2 29. Nxb2 Bxb2 30. Rxh6 Kg7 31. Rh5 Be5 32. Rf1 a5 33. g3 a4 34. gxf4 axb3 35. fxe5 b2 36. Qg4+ Kf8 37. Rh8+ Ke7 38. Qg5+ Kd7 39. Rxf7# 1-0

[Event "IECG CP.2000.P.00046"]
[Site "IECG email"]
[Date "2000.10.01"]
[Round "?"]
[White "Kalashnikov, Victor Sergeevich"]
[Black "Burmako, Eugeny"]
[Result "1-0"]
[WhiteElo "2005"]
[BlackElo "1400"]
[PlyCount "55"]
[EventDate "2000.10.01"]
[EventType "tourn (corr)"]
[EventRounds "6"]
[EventCountry "SVK"]
[SourceTitle "Corr 2008"]
[Source "ChessBase"]
[SourceDate "2008.06.24"]
[SourceVersion "1"]
[SourceVersionDate "2008.06.24"]
[SourceQuality "1"]

1. d4 Nf6 2. c4 c5 3. d5 d6 4. Nc3 g6 5. e4 e5 6. Bd3 Bg7 7. Nge2 0-0 8. 0-0 Nh5 9. Rb1 Nd7 10. a3 Qh4 11. Nb5 Qe7 12. b4 a6 13. Nbc3 f5 14. exf5 gxf5 15. Re1 e4 16. Bc2 Ne5 17. bxc5 dxc5 18. d6 Qf7 19. Be3 Qg6 20. Nd5 Kh8 21. Nef4 Nxf4 22. Nxf4 Qf7 23. Bxc5 Qxc4 24. Bb6 Bd7 25. Nh5 Rfc8 26. Bb3 Qd3 27. Nxg7 Kxg7 28. Bd4 1-0